| 000 | 00673nam a22002057a 4500 | ||
|---|---|---|---|
| 999 |
_c179771 _d179771 |
||
| 005 | 20210707164756.0 | ||
| 010 | _aB-740589 | ||
| 020 |
_a8186323368 _c700.00 |
||
| 035 | _aB-740589 | ||
| 037 | _bGift | ||
| 082 | _a425 | ||
| 100 | _aKoul, Omkar N. | ||
| 245 |
_aModern Hindi grammar / _cby Omkar N. Kaul |
||
| 260 |
_bIndian Institute of Language Studies _c2009 _aDelhi |
||
| 270 |
_aC-13, Greenview, 33 Sector-9, Rohini _bDelhi _e110085 |
||
| 300 |
_a326p. _c22cm(Hb) |
||
| 500 | _ainclude bibliographical references | ||
| 942 |
_2ddc _cEN _mKOU _h425 |
||